[Event "25. Copenhagen Open  (Politiken Cup)"]
[Site "Copenhagen"]
[Date "2003.07.24"]
[Round "10"]
[White "Cohen, Ronnie"]
[Black "Poulsen, Morten Kjaer"]
[Result "0-1"]
[WhiteElo "1695"]
[BlackElo "2079"]
[PlyCount "120"]
[EventDate "2003.07.14"]
[EventType "swiss"]
[EventRounds "11"]
[EventCountry "DEN"]
[SourceDate "2004.01.01"]

1. e4 e5 2. Nf3 Nc6 3. Bb5 a6 4. Ba4 Nf6 5. O-O b5 6. Bb3 Bc5 7. d3 d6 8. h3 h6
9. Nc3 O-O 10. Re1 Na5 11. Bd2 Nxb3 12. axb3 Bb7 13. Ne2 Nh7 14. Ng3 Bc8 15.
Qc1 f5 16. exf5 Bxf5 17. Nxf5 Rxf5 18. Be3 Bxe3 19. Qxe3 Rf8 20. Ra5 Qd7 21.
Rea1 Qc6 22. Qe2 Nf6 23. d4 e4 24. Nh4 Nd5 25. c3 Ne7 26. g3 d5 27. Ng2 Rf6 28.
Ne3 Qd7 29. Ng4 Rb6 30. Kg2 Ng6 31. Ne3 c6 32. Nc2 Nf8 33. Nb4 Qc8 34. f3 exf3+
35. Qxf3 Ne6 36. Qg4 Kh8 37. Re1 c5 38. dxc5 Nxc5 39. Qxc8+ Rxc8 40. Nxd5 Rd6
41. Ne7 Rc7 42. Re2 Nxb3 43. Ra3 Nc1 44. Nf5 Rf6 45. Re8+ Kh7 46. Ra1 Nb3 47.
Rf1 Rd7 48. Re2 Rd2 49. Rxd2 Nxd2 50. Rf2 Nc4 51. g4 g6 52. Nd4 Rxf2+ 53. Kxf2
Nxb2 54. Ke2 Kg7 55. Kd2 Kf6 56. h4 Nc4+ 57. Ke2 Ke5 58. Kf3 Kd5 59. Kf4 Nd6
60. Nf3 a5 0-1

[Event "25. Copenhagen Open  (Politiken Cup)"]
[Site "Copenhagen"]
[Date "2003.07.24"]
[Round "10"]
[White "Dalso, Harry"]
[Black "Edvardsen, Ragnar"]
[Result "1/2-1/2"]
[WhiteElo "1802"]
[BlackElo "2092"]
[PlyCount "51"]
[EventDate "2003.07.14"]
[EventType "swiss"]
[EventRounds "11"]
[EventCountry "DEN"]
[SourceDate "2004.01.01"]

1. e4 e6 2. Qe2 c5 3. g3 Nc6 4. c3 d6 5. Bg2 g6 6. f4 Nge7 7. Nf3 Bg7 8. Na3
O-O 9. Nc2 Rb8 10. a4 a6 11. Ne3 b5 12. h4 d5 13. e5 d4 14. Ng4 Nf5 15. Qf2 h5
16. Ngh2 Na5 17. O-O Nb3 18. Ra2 bxa4 19. g4 hxg4 20. Nxg4 Bb7 21. Ng5 Bxg2 22.
Qxg2 Nxc1 23. Rxc1 Qd5 24. Qxd5 exd5 25. Nf3 dxc3 26. bxc3 1/2-1/2

[Event "25. Copenhagen Open  (Politiken Cup)"]
[Site "Copenhagen"]
[Date "2003.07.24"]
[Round "10"]
[White "Egeland, Marte"]
[Black "Rasmussen, Poul"]
[Result "1-0"]
[WhiteElo "1990"]
[BlackElo "1498"]
[PlyCount "63"]
[EventDate "2003.07.14"]
[EventType "swiss"]
[EventRounds "11"]
[EventCountry "DEN"]
[SourceDate "2004.01.01"]

1. e4 e6 2. d4 d5 3. Nc3 dxe4 4. Nxe4 Nf6 5. Nxf6+ Qxf6 6. Nf3 Qd8 7. Be3 Be7
8. Bd3 Nd7 9. O-O c6 10. c3 Nb6 11. Ne5 Nd5 12. Bd2 Bf6 13. Qe2 Qc7 14. f4 Kf8
15. Ng4 h5 16. Nxf6 gxf6 17. c4 Ne7 18. Bb4 b6 19. Rac1 c5 20. dxc5 bxc5 21.
Bc3 Ng8 22. Be4 Bb7 23. Rcd1 Rh6 24. Rd2 Bxe4 25. Qxe4 Rd8 26. Rf3 Rxd2 27.
Bxd2 f5 28. Qa8+ Kg7 29. Bc3+ Kh7 30. Qf8 Rg6 31. Rh3 Qxf4 32. Rxh5+ 1-0

[Event "25. Copenhagen Open  (Politiken Cup)"]
[Site "Copenhagen"]
[Date "2003.07.24"]
[Round "10"]
[White "Flindt, Thomas"]
[Black "Pedersen, Audun"]
[Result "1-0"]
[WhiteElo "2134"]
[BlackElo "1536"]
[PlyCount "59"]
[EventDate "2003.07.14"]
[EventType "swiss"]
[EventRounds "11"]
[EventCountry "DEN"]
[SourceDate "2004.01.01"]

1. d4 d5 2. e4 e6 3. Nc3 Nf6 4. Bd3 dxe4 5. Nxe4 Be7 6. Nf3 Nbd7 7. Ne5 c5 8.
Nxd7 Nxe4 9. Bxe4 Qxd7 10. Be3 Qb5 11. Qd3 Qxd3 12. Bxd3 Bf6 13. dxc5 Bxb2 14.
Rb1 Bc3+ 15. Ke2 Rb8 16. c6 b6 17. Bc5 Be5 18. Ba3 Kd8 19. Rb5 f6 20. Rxe5 fxe5
21. Bd6 Ra8 22. Ke3 a6 23. Be4 Ra7 24. Rb1 b5 25. Rd1 Ke8 26. Bxe5 Kf7 27. c7
Ke7 28. Bd6+ Kf7 29. Bg3 h6 30. Rd8 1-0

[Event "25. Copenhagen Open  (Politiken Cup)"]
[Site "Copenhagen"]
[Date "2003.07.24"]
[Round "10"]
[White "Forsmann, Henning"]
[Black "Ottosen, Peder"]
[Result "1/2-1/2"]
[WhiteElo "1575"]
[BlackElo "1830"]
[PlyCount "137"]
[EventDate "2003.07.14"]
[EventType "swiss"]
[EventRounds "11"]
[EventCountry "DEN"]
[SourceDate "2004.01.01"]

1. d4 d5 2. c4 c6 3. cxd5 cxd5 4. Nc3 Nc6 5. g3 Bf5 6. Bg2 e6 7. Nf3 Bd6 8. O-O
Rc8 9. Qb3 Nge7 10. Nb5 Bb8 11. Bg5 h6 12. Bd2 O-O 13. Rac1 a6 14. Na3 b5 15.
Nc2 Na5 16. Bxa5 Qxa5 17. Ne3 Be4 18. Rfd1 Ba7 19. Nc2 Rc4 20. Ne5 Bxg2 21.
Kxg2 Rc7 22. e3 Rfc8 23. a3 Nf5 24. Qd3 Nd6 25. Qe2 Qa4 26. Rd2 Ne4 27. b3 Qxb3
28. Na1 Qxa3 29. Rxc7 Rxc7 30. Ra2 Qd6 31. Qd3 Rc3 32. Qb1 f6 33. Nd3 Rc4 34.
Qb2 Nc3 35. Ra3 Na4 36. Qa2 Qc6 37. Nb2 Nc3 38. Qb3 Bb8 39. Nd3 Bd6 40. Ra5 Na4
41. Qd1 Bc7 42. Nb3 Qd6 43. Qg4 Bxa5 44. Nxa5 Rc7 45. Nf4 Re7 46. Nh5 Kf8 47.
Qg6 Nc3 48. Qh7 Rf7 49. Qh8+ Ke7 50. Nb7 Qd7 51. Nc5 Qe8 52. Qh7 Qf8 53. Nf4 g5
54. Ng6+ Ke8 55. Nxf8 Rxh7 56. Nxh7 Kf7 57. Nxa6 Kg7 58. Nxf6 Kxf6 59. Nb4 Kf5
60. f3 Nd1 61. g4+ Kf6 62. Nc2 Ke7 63. Kg3 Nb2 64. Nb4 Nc4 65. Nc2 Kd7 66. h4
Ke7 67. f4 Kf6 68. Kh3 Nd2 69. Nb4 1/2-1/2

[Event "25. Copenhagen Open  (Politiken Cup)"]
[Site "Copenhagen"]
[Date "2003.07.24"]
[Round "10"]
[White "Frisk, Hans"]
[Black "Werner, Gert"]
[Result "0-1"]
[WhiteElo "1980"]
[BlackElo "2140"]
[PlyCount "90"]
[EventDate "2003.07.14"]
[EventType "swiss"]
[EventRounds "11"]
[EventCountry "DEN"]
[SourceDate "2004.01.01"]

1. e4 g6 2. d4 Bg7 3. Nc3 c6 4. Be3 d5 5. Qd2 Nf6 6. f3 dxe4 7. fxe4 Ng4 8.
O-O-O e5 9. Bg5 f6 10. h3 fxg5 11. hxg4 Bxg4 12. Nf3 Nd7 13. Bc4 Nb6 14. Bb3
exd4 15. Qf2 Qe7 16. Nxd4 Bxd1 17. Rxd1 Rd8 18. Ne6 Rxd1+ 19. Nxd1 Be5 20. Ne3
Qf6 21. Qxf6 Bxf6 22. Ng4 Nd7 23. Nxf6+ Nxf6 24. Nxg5 h6 25. Nf7 Rh7 26. Nd6+
Ke7 27. e5 Ng4 28. Nxb7 Nxe5 29. Nc5 h5 30. Kd2 h4 31. Ke3 h3 32. gxh3 Rxh3+
33. Kf4 Rh5 34. Ke4 Nc4 35. Bxc4 Rxc5 36. Bd3 Ra5 37. Ke3 g5 38. b3 Kd6 39. c3
Re5+ 40. Kf3 Rc5 41. c4 a5 42. Be4 Re5 43. Bg6 Kc5 44. Kg4 Kb4 45. Bc2 c5 0-1

[Event "25. Copenhagen Open  (Politiken Cup)"]
[Site "Copenhagen"]
[Date "2003.07.24"]
[Round "10"]
[White "Gullaksen, Eirik T"]
[Black "Riis, Jens"]
[Result "1-0"]
[WhiteElo "2359"]
[BlackElo "2067"]
[PlyCount "69"]
[EventDate "2003.07.14"]
[EventType "swiss"]
[EventRounds "11"]
[EventCountry "DEN"]
[SourceDate "2004.01.01"]

1. e4 c5 2. Nf3 e6 3. d3 Nc6 4. g3 Nge7 5. Bg2 d5 6. Qe2 g6 7. O-O Bg7 8. Re1
O-O 9. e5 b6 10. c3 h6 11. h4 a5 12. Bf4 a4 13. Na3 Ba6 14. Qd2 Kh7 15. Nc2 b5
16. d4 cxd4 17. Ncxd4 Nxd4 18. Nxd4 Qd7 19. Bf1 Rfb8 20. a3 Nc6 21. Nf3 Rd8 22.
Rad1 Na5 23. Bd3 Nb3 24. Qe3 Qa7 25. h5 Qxe3 26. Bxe3 Rg8 27. Kg2 Bf8 28. hxg6+
fxg6 29. Rh1 d4 30. Ng5+ Kh8 31. cxd4 Bb7+ 32. f3 Bd5 33. Nf7+ Kg7 34. Nxh6 Rh8
35. Bg5 1-0

[Event "25. Copenhagen Open  (Politiken Cup)"]
[Site "Copenhagen"]
[Date "2003.07.24"]
[Round "10"]
[White "Hansen, Jens Martin"]
[Black "Madsen, Poul Henrik"]
[Result "0-1"]
[WhiteElo "1731"]
[BlackElo "2080"]
[PlyCount "52"]
[EventDate "2003.07.14"]
[EventType "swiss"]
[EventRounds "11"]
[EventCountry "DEN"]
[SourceDate "2004.01.01"]

1. e4 d5 2. exd5 Qxd5 3. Nc3 Qa5 4. d4 c6 5. Bc4 Nf6 6. Bd2 Qb6 7. Qe2 Qxd4 8.
O-O-O e6 9. f4 Bc5 10. f5 O-O 11. fxe6 Bxe6 12. Bxe6 fxe6 13. Qxe6+ Kh8 14. Nf3
Qd7 15. Qc4 Na6 16. Ne5 Qc7 17. Bf4 Be3+ 18. Bxe3 Qxe5 19. Bf4 Qf5 20. Rhf1 b5
21. Qd3 Qh5 22. h3 Qf7 23. b3 Nb4 24. Qd6 a5 25. Bg5 Qg6 26. Qd2 Rad8 0-1

[Event "25. Copenhagen Open  (Politiken Cup)"]
[Site "Copenhagen"]
[Date "2003.07.24"]
[Round "10"]
[White "Hartung Nielsen, Jens"]
[Black "Pallesen, Jacob"]
[Result "0-1"]
[WhiteElo "2233"]
[BlackElo "2056"]
[PlyCount "56"]
[EventDate "2003.07.14"]
[EventType "swiss"]
[EventRounds "11"]
[EventCountry "DEN"]
[SourceDate "2004.01.01"]

1. d4 g6 2. c4 Bg7 3. Nc3 d6 4. e4 e5 5. Nf3 Bg4 6. dxe5 Bxf3 7. Qxf3 Bxe5 8.
Qd1 Bxc3+ 9. bxc3 Qe7 10. Bd3 Nd7 11. O-O Ngf6 12. Bh6 Nc5 13. f3 O-O-O 14. Qd2
Nfd7 15. Rfe1 f6 16. Be3 g5 17. Bf1 Kb8 18. Rab1 h5 19. Rb2 Rdg8 20. Reb1 b6
21. Kh1 g4 22. Bd4 h4 23. Qf4 Ne6 24. Qd2 h3 25. Bg1 hxg2+ 26. Bxg2 gxf3 27.
Bxf3 Ng5 28. Bg2 Nxe4 0-1

[Event "25. Copenhagen Open  (Politiken Cup)"]
[Site "Copenhagen"]
[Date "2003.07.24"]
[Round "10"]
[White "Hartvig, Ove Weiss"]
[Black "Vovk, Oksana"]
[Result "1/2-1/2"]
[WhiteElo "2295"]
[BlackElo "2107"]
[PlyCount "94"]
[EventDate "2003.07.14"]
[EventType "swiss"]
[EventRounds "11"]
[EventCountry "DEN"]
[SourceDate "2004.01.01"]

1. e4 e6 2. d4 d5 3. Nc3 Nf6 4. e5 Nfd7 5. Nce2 c5 6. c3 Nc6 7. f4 f6 8. Nf3
Be7 9. h4 b6 10. a3 a5 11. Rh3 Ba6 12. f5 Bxe2 13. Bxe2 exf5 14. Bd3 fxe5 15.
Bxf5 g6 16. Ng5 Nf8 17. Qa4 Qc7 18. Bg4 h5 19. Be2 Bxg5 20. Bxg5 Nh7 21. Be3
exd4 22. cxd4 O-O 23. Qc2 Kg7 24. g4 Nf6 25. gxh5 Nxh5 26. Bxh5 gxh5 27. O-O-O
Rf6 28. dxc5 d4 29. Rxd4 Nxd4 30. Bxd4 Qf4+ 31. Qd2 Qf1+ 32. Kc2 Qxh3 33. Qg5+
Kh7 34. Qxh5+ Kg7 35. Qg5+ Kh7 36. Qh5+ Kg7 37. Qg5+ Kh7 38. Qxf6 Qg2+ 39. Kb1
Qe4+ 40. Ka1 Qh1+ 41. Ka2 Qd5+ 42. b3 Qg2+ 43. Bb2 bxc5 44. Qf7+ Kh6 45. Kb1
Qe4+ 46. Ka1 Qh1+ 47. Ka2 Qg2 1/2-1/2

[Event "25. Copenhagen Open  (Politiken Cup)"]
[Site "Copenhagen"]
[Date "2003.07.24"]
[Round "10"]
[White "Hector, Jonny"]
[Black "Larsen, Karsten"]
[Result "1/2-1/2"]
[WhiteElo "2538"]
[BlackElo "2282"]
[PlyCount "112"]
[EventDate "2003.07.14"]
[EventType "swiss"]
[EventRounds "11"]
[EventCountry "DEN"]
[SourceDate "2004.01.01"]

1. e4 e5 2. Nf3 Nc6 3. d4 exd4 4. Nxd4 Bc5 5. Be3 Qf6 6. c3 Nge7 7. Bc4 Ne5 8.
Be2 Qg6 9. O-O d6 10. f3 O-O 11. Nd2 d5 12. Kh1 dxe4 13. Nxe4 Nd5 14. Bc1 Be7
15. Ng3 Bh4 16. Ndf5 Bxf5 17. Nxf5 Qxf5 18. Qxd5 c6 19. Qd4 Bf6 20. f4 Ng4 21.
Qg1 Rfe8 22. Bf3 Bd8 23. h3 h5 24. Bd2 Bb6 25. hxg4 hxg4 26. Qh2 Rad8 27. Be1
gxf3 28. Rxf3 Rd3 29. Qh3 Qxh3+ 30. Rxh3 Rxh3+ 31. gxh3 Re2 32. b3 Kh7 33. a4
Kg6 34. Rd1 Kf5 35. Bh4 Re3 36. Kg2 Rxc3 37. Rd7 Rxb3 38. Rxb7 Rb2+ 39. Kg3
Rb3+ 40. Kg2 Ra3 41. Rxf7+ Kg6 42. Rf8 Rxa4 43. f5+ Kh7 44. Bg5 Bd4 45. Rd8 c5
46. Rd7 Ra6 47. Kf3 Bf6 48. h4 c4 49. Rc7 c3 50. Ke4 Rd6 51. Rxa7 Bxg5 52. hxg5
Rc6 53. f6 c2 54. Rxg7+ Kh8 55. g6 Re6+ 56. Kd5 Rxf6 1/2-1/2

[Event "25. Copenhagen Open  (Politiken Cup)"]
[Site "Copenhagen"]
[Date "2003.07.24"]
[Round "10"]
[White "Hein, Jacob"]
[Black "Nielsen, Erik"]
[Result "1-0"]
[WhiteElo "1220"]
[BlackElo "1389"]
[PlyCount "81"]
[EventDate "2003.07.14"]
[EventType "swiss"]
[EventRounds "11"]
[EventCountry "DEN"]
[SourceDate "2004.01.01"]

1. e4 c5 2. Nf3 Nc6 3. d4 cxd4 4. Nxd4 d6 5. Bc4 Nf6 6. O-O e6 7. Re1 Be7 8. a3
O-O 9. Nf3 h6 10. Nbd2 Qc7 11. Nf1 a6 12. Ng3 b5 13. Ba2 Bb7 14. h3 Rac8 15.
Re3 Rfd8 16. Nh2 d5 17. Nh5 Nxe4 18. Qg4 Qe5 19. f4 f5 20. Qg6 Qd4 21. Nf3 Qd1+
22. Re1 Qxe1+ 23. Nxe1 Bf6 24. Nxf6+ Nxf6 25. Nf3 Ne7 26. Qg3 Rxc2 27. Nd4 Ne4
28. Qe1 Rcc8 29. Nxe6 Rd6 30. Nd4 Kh8 31. Qb4 Rd7 32. a4 Nc6 33. Nxc6 Bxc6 34.
Be3 bxa4 35. Rc1 Rd6 36. Bd4 Rg6 37. Bxd5 Ng3 38. Kh2 Ne2 39. Rxc6 Rcxc6 40.
Bxc6 Rxc6 41. Qf8+ 1-0

[Event "25. Copenhagen Open  (Politiken Cup)"]
[Site "Copenhagen"]
[Date "2003.07.24"]
[Round "10"]
[White "Helin, Mikael"]
[Black "Draeger, Michael"]
[Result "1-0"]
[WhiteElo "1971"]
[BlackElo "1702"]
[PlyCount "113"]
[EventDate "2003.07.14"]
[EventType "swiss"]
[EventRounds "11"]
[EventCountry "DEN"]
[SourceDate "2004.01.01"]

1. e4 e5 2. Nc3 Nf6 3. Bc4 Bc5 4. f4 Qe7 5. d3 d6 6. f5 c6 7. Qf3 b5 8. Bb3 a5
9. a4 b4 10. Nd1 Bb7 11. Bg5 Nbd7 12. Ne3 h6 13. Bh4 O-O-O 14. Nc4 Bb6 15. Bf2
c5 16. Ne3 Nb8 17. Bh4 Rdg8 18. Ne2 Bd8 19. c3 Na6 20. Rf1 Kb8 21. O-O-O Qc7
22. Kb1 Rf8 23. Nd5 Nxd5 24. Bxd8 Qxd8 25. exd5 f6 26. Ka1 Qb6 27. Rb1 Rc8 28.
h4 Rhe8 29. c4 Re7 30. Rh1 Rce8 31. Qe4 Bc8 32. Rbf1 Qb7 33. Rh3 Bd7 34. Rg3
Nc7 35. Nc1 Na8 36. Bd1 Nb6 37. b3 Rg8 38. Ne2 Be8 39. d4 exd4 40. Qd3 Re5 41.
Nf4 Bf7 42. Bf3 Re3 43. Qd1 Qe7 44. Ne6 Bxe6 45. dxe6 Rd8 46. Re1 Rc3 47. Rh3
d5 48. cxd5 Nxd5 49. Bxd5 Rxh3 50. gxh3 Rxd5 51. Qd3 Ka7 52. Qb5 Rxf5 53. Qxa5+
Kb7 54. Qb5+ Ka7 55. a5 Re5 56. Rxe5 fxe5 57. Qd7+ 1-0

[Event "25. Copenhagen Open  (Politiken Cup)"]
[Site "Copenhagen"]
[Date "2003.07.24"]
[Round "10"]
[White "Henrichsen, Jens"]
[Black "Christensen, Henrik"]
[Result "1-0"]
[WhiteElo "2076"]
[BlackElo "1802"]
[PlyCount "55"]
[EventDate "2003.07.14"]
[EventType "swiss"]
[EventRounds "11"]
[EventCountry "DEN"]
[SourceDate "2004.01.01"]

1. d4 Nf6 2. c4 c5 3. d5 b5 4. cxb5 a6 5. bxa6 Bxa6 6. Nc3 d6 7. e4 Bxf1 8.
Kxf1 g6 9. g3 Bg7 10. Kg2 O-O 11. Nf3 Nbd7 12. Re1 Qa5 13. e5 Ng4 14. exd6 exd6
15. Qc2 Rfb8 16. Re4 Nge5 17. Nxe5 Nxe5 18. Ra4 Qb6 19. f4 Nd7 20. Rxa8 Rxa8
21. a4 Qb7 22. Qd3 Bd4 23. Qb5 Nb6 24. Qc6 Qxc6 25. dxc6 Bxc3 26. bxc3 Rxa4 27.
Rb1 Ra6 28. c7 1-0

[Event "25. Copenhagen Open  (Politiken Cup)"]
[Site "Copenhagen"]
[Date "2003.07.24"]
[Round "10"]
[White "Holst, Allan"]
[Black "Christensen, Christian"]
[Result "0-1"]
[WhiteElo "2361"]
[BlackElo "2113"]
[PlyCount "66"]
[EventDate "2003.07.14"]
[EventType "swiss"]
[EventRounds "11"]
[EventCountry "DEN"]
[SourceDate "2004.01.01"]

1. e4 c5 2. Nf3 Nc6 3. d4 cxd4 4. Nxd4 Nf6 5. Nc3 d6 6. Be2 e5 7. Nf3 h6 8. O-O
Be6 9. Re1 Be7 10. h3 a6 11. Bf1 O-O 12. Nd5 Bxd5 13. exd5 Nb8 14. c4 Nbd7 15.
Be3 Nh7 16. Nd2 Bg5 17. b4 f5 18. Bxg5 Qxg5 19. c5 dxc5 20. bxc5 e4 21. Rc1 Ne5
22. Re3 Nf6 23. c6 bxc6 24. dxc6 Rfd8 25. Qb3+ Kh7 26. Rc2 Rxd2 27. Rxd2 f4 28.
c7 fxe3 29. Rd8 Nf3+ 30. Kh1 Ng4 31. g3 Nxf2+ 32. Kg2 Nh1 33. g4 Qf4 0-1

[Event "25. Copenhagen Open  (Politiken Cup)"]
[Site "Copenhagen"]
[Date "2003.07.24"]
[Round "10"]
[White "Jakobsen, Hans Endrup"]
[Black "Grubert, Christian"]
[Result "1-0"]
[WhiteElo "1918"]
[BlackElo "2168"]
[PlyCount "69"]
[EventDate "2003.07.14"]
[EventType "swiss"]
[EventRounds "11"]
[EventCountry "DEN"]
[SourceDate "2004.01.01"]

1. e4 c5 2. Nc3 g6 3. f4 Bg7 4. Nf3 Nc6 5. d3 e6 6. g3 Nge7 7. Bg2 O-O 8. O-O
f5 9. Be3 b6 10. Rb1 d5 11. exd5 Nxd5 12. Nxd5 exd5 13. d4 Re8 14. Qd2 c4 15.
Ne5 Bb7 16. b3 cxb3 17. axb3 Qd6 18. Rfd1 Rad8 19. c4 dxc4 20. bxc4 Nxe5 21.
fxe5 Qe7 22. Bg5 Qc7 23. Bxd8 Rxd8 24. Bxb7 Qxb7 25. Qe2 Bh6 26. d5 f4 27. e6
fxg3 28. hxg3 Qc7 29. Kg2 Bg5 30. Rb3 Qc5 31. Rf3 a5 32. Rf7 b5 33. Qe5 Bh6 34.
e7 Re8 35. Qe6 1-0

[Event "25. Copenhagen Open  (Politiken Cup)"]
[Site "Copenhagen"]
[Date "2003.07.24"]
[Round "10"]
[White "Jakobsen, Ole"]
[Black "Lahlum, Hans Olav"]
[Result "1/2-1/2"]
[WhiteElo "2381"]
[BlackElo "2202"]
[PlyCount "50"]
[EventDate "2003.07.14"]
[EventType "swiss"]
[EventRounds "11"]
[EventCountry "DEN"]
[SourceDate "2004.01.01"]

1. c4 e6 2. d4 d5 3. Nf3 c6 4. Qc2 dxc4 5. Qxc4 b5 6. Qc2 Bb7 7. e4 Nf6 8. Bg5
Be7 9. e5 Nd5 10. Bxe7 Qxe7 11. Nbd2 O-O 12. Ne4 Nd7 13. Nd6 N7b6 14. Rc1 a6
15. a3 Rab8 16. Bd3 f5 17. O-O Ba8 18. Qd2 Nc8 19. Nxc8 Rbxc8 20. Rc5 Nb6 21.
b4 Rfd8 22. Rfc1 Bb7 23. Be2 Nd7 24. R5c3 c5 25. dxc5 Nxc5 1/2-1/2

[Event "25. Copenhagen Open  (Politiken Cup)"]
[Site "Copenhagen"]
[Date "2003.07.24"]
[Round "10"]
[White "Jensen, Alexander Lindberg"]
[Black "Jacobsen, Claus"]
[Result "1-0"]
[WhiteElo "1539"]
[BlackElo "1075"]
[PlyCount "83"]
[EventDate "2003.07.14"]
[EventType "swiss"]
[EventRounds "11"]
[EventCountry "DEN"]
[SourceDate "2004.01.01"]

1. d4 Nf6 2. c4 e6 3. Nc3 Bb4 4. Bd2 O-O 5. e3 d5 6. Nf3 Nbd7 7. a3 Bxc3 8.
Bxc3 Ne4 9. Qc2 f5 10. Bd3 Ndf6 11. Bxe4 Nxe4 12. c5 Bd7 13. Nd2 Nxc3 14. Qxc3
Rc8 15. O-O Rf6 16. f4 Be8 17. Rf3 Rh6 18. Rg3 Bh5 19. Nf3 Bxf3 20. Rxf3 Rg6
21. Raf1 Rg4 22. Rg3 Rxg3 23. hxg3 Qe8 24. Kf2 b6 25. Rc1 h6 26. Qb4 a5 27. Qc3
Rb8 28. cxb6 Rxb6 29. Rc2 Qb8 30. Kf3 g5 31. fxg5 hxg5 32. g4 c6 33. gxf5 exf5
34. Qxa5 g4+ 35. Kf2 Rxb2 36. Qc3 Rb3 37. Qxc6 Rxe3 38. Qxd5+ Kg7 39. Qd7+ Kg6
40. Rc6+ Kg5 41. Qg7+ Kf4 42. Qh6+ 1-0

[Event "25. Copenhagen Open  (Politiken Cup)"]
[Site "Copenhagen"]
[Date "2003.07.24"]
[Round "10"]
[White "Jensen, Benjamin Lau"]
[Black "Skovgaard, Peter Nicolai"]
[Result "0-1"]
[WhiteElo "1699"]
[BlackElo "2038"]
[PlyCount "138"]
[EventDate "2003.07.14"]
[EventType "swiss"]
[EventRounds "11"]
[EventCountry "DEN"]
[SourceDate "2004.01.01"]

1. e4 c5 2. Nf3 e6 3. d4 cxd4 4. Nxd4 a6 5. Be3 Be7 6. Be2 d6 7. Nd2 Nf6 8. f4
b6 9. O-O Bb7 10. Bf3 Nbd7 11. Qe1 Qc7 12. Qg3 h5 13. c4 h4 14. Qf2 Nc5 15. f5
e5 16. N4b3 Nfd7 17. Nc1 a5 18. Qe2 Nf6 19. Bxc5 Qxc5+ 20. Qf2 Qc7 21. Kh1 Nh7
22. Ne2 Bg5 23. Nc3 Qc5 24. Rad1 Nf6 25. Na4 Qxf2 26. Rxf2 Rb8 27. Nc3 Bc6 28.
Ndb1 Be3 29. Re2 Bd4 30. Rc2 Ke7 31. Nd5+ Bxd5 32. cxd5 Rhc8 33. Rdc1 Rc5 34.
Rxc5 bxc5 35. b3 Rb4 36. Rc4 Rxc4 37. bxc4 Bb2 38. a4 Nd7 39. Bd1 Nb6 40. Bb3
Kf6 41. g3 hxg3 42. hxg3 Nd7 43. Nd2 g6 44. fxg6 Kxg6 45. Kg2 Nf6 46. Kf3 Bc3
47. Nf1 Bd4 48. Bc2 Nh7 49. Kg4 Nf6+ 50. Kf3 Ng8 51. Nh2 Bg1 52. Nf1 Nh6 53.
Nd2 Bd4 54. Bd1 Bc3 55. Nf1 f5 56. exf5+ Kxf5 57. Ne3+ Kg5 58. Nc2 Ng4 59. Na3
e4+ 60. Ke2 Be5 61. Nb5 Bxg3 62. Na7 Ne5 63. Bb3 Nd3 64. Bc2 Nb2 65. Bb3 Kf4
66. Nc6 Nd3 67. Bc2 Nc1+ 68. Kd1 e3 69. Kxc1 e2 0-1

[Event "25. Copenhagen Open  (Politiken Cup)"]
[Site "Copenhagen"]
[Date "2003.07.24"]
[Round "10"]
[White "Jensen, Sren"]
[Black "Edvardsen, Ingar"]
[Result "1/2-1/2"]
[WhiteElo "1565"]
[BlackElo "1156"]
[PlyCount "103"]
[EventDate "2003.07.14"]
[EventType "swiss"]
[EventRounds "11"]
[EventCountry "DEN"]
[SourceDate "2004.01.01"]

1. e4 Nf6 2. Nc3 d5 3. exd5 Nxd5 4. Qf3 Nb6 5. Nge2 Nc6 6. d3 Nb4 7. Kd1 g6 8.
a3 Nc6 9. Be3 Bg7 10. g4 Ne5 11. Qg3 Nxg4 12. Bg2 Nxe3+ 13. fxe3 Qd6 14. Qf3
Bxc3 15. Nxc3 h5 16. h3 Qf6 17. Qe2 c6 18. Rf1 Qg7 19. Kd2 Be6 20. e4 O-O-O 21.
Kc1 Qh6+ 22. Kb1 c5 23. Qf2 Nd7 24. a4 Kb8 25. a5 a6 26. e5 Rc8 27. Qf3 Rc6 28.
Nd5 Qg5 29. Nf4 Nxe5 30. Qe4 Qf5 31. Qe1 Rd6 32. h4 g5 33. Nd5 Qg4 34. Ne3 Qxh4
35. Qe2 Nc6 36. b3 Qd4 37. Ra4 Qg7 38. Nc4 Bxc4 39. Rxc4 Re6 40. Qf3 g4 41.
Qf4+ Qe5 42. Qxf7 Rf6 43. Rxf6 Qxf6 44. Qd5 g3 45. Rxc5 h4 46. Rxc6 bxc6 47.
Qc5 Kc7 48. Qb6+ Kd6 49. Qxc6+ Ke5 50. Qe4+ Kd6 51. Qc6+ Ke5 52. Qe4+ 1/2-1/2

[Event "25. Copenhagen Open  (Politiken Cup)"]
[Site "Copenhagen"]
[Date "2003.07.24"]
[Round "10"]
[White "Jensen, Sren G"]
[Black "Hesselberg, Leif"]
[Result "1/2-1/2"]
[WhiteElo "2123"]
[BlackElo "1913"]
[PlyCount "59"]
[EventDate "2003.07.14"]
[EventType "swiss"]
[EventRounds "11"]
[EventCountry "DEN"]
[SourceDate "2004.01.01"]

1. d4 Nf6 2. c4 e6 3. Nc3 Bb4 4. Qc2 Nc6 5. Nf3 d6 6. Bd2 O-O 7. a3 Bxc3 8.
Bxc3 Re8 9. e4 e5 10. d5 Ne7 11. Be2 g6 12. Nd2 Nd7 13. g4 f6 14. h4 a5 15. h5
a4 16. O-O-O g5 17. Bb4 b6 18. Nb1 Nc5 19. Nc3 Bd7 20. Kd2 Qb8 21. f3 h6 22.
Bd3 Kh8 23. Ke2 Rg8 24. Ra1 Re8 25. Rhb1 Nb3 26. Kf2 Nxa1 27. Rxa1 Qa7 28. Nb5
Bxb5 29. cxb5 Kg7 30. Rc1 1/2-1/2

[Event "25. Copenhagen Open  (Politiken Cup)"]
[Site "Copenhagen"]
[Date "2003.07.24"]
[Round "10"]
[White "Jessen, Simon Pind"]
[Black "Baark, Mathias"]
[Result "1/2-1/2"]
[WhiteElo "2085"]
[BlackElo "1800"]
[PlyCount "84"]
[EventDate "2003.07.14"]
[EventType "swiss"]
[EventRounds "11"]
[EventCountry "DEN"]
[SourceDate "2004.01.01"]

1. d4 f5 2. Bg5 g6 3. Nd2 Bg7 4. e4 fxe4 5. Nxe4 d5 6. Ng3 Nf6 7. Nf3 Bg4 8.
Be2 Nbd7 9. h3 Bxf3 10. Bxf3 c6 11. Qd2 e5 12. O-O-O e4 13. Bg4 h6 14. Bf4 Nxg4
15. hxg4 g5 16. Nf5 gxf4 17. Nxg7+ Kf7 18. Nf5 Qc7 19. g3 Raf8 20. gxf4 Ke8 21.
Ng7+ Kf7 22. Nh5 Ke7 23. f5 Rf7 24. Nf4 Nf8 25. Ng6+ Nxg6 26. fxg6 Rf4 27. Rh5
Rxg4 28. Rxh6 Rxh6 29. Qxh6 Qf4+ 30. Qxf4 Rxf4 31. Rg1 Kf8 32. Rg2 Kg7 33. Kd2
Rf6 34. Ke3 Rf3+ 35. Ke2 Rf6 36. b3 Rxg6 37. Rxg6+ Kxg6 38. Ke3 Kf5 39. f3 exf3
40. Kxf3 a5 41. a3 b5 42. b4 axb4 1/2-1/2

[Event "25. Copenhagen Open  (Politiken Cup)"]
[Site "Copenhagen"]
[Date "2003.07.24"]
[Round "10"]
[White "Jiretorn, Eva"]
[Black "Kaaber Hansen, Jacob"]
[Result "0-1"]
[WhiteElo "2146"]
[BlackElo "2032"]
[PlyCount "74"]
[EventDate "2003.07.14"]
[EventType "swiss"]
[EventRounds "11"]
[EventCountry "DEN"]
[SourceDate "2004.01.01"]

1. d4 d5 2. c4 c6 3. Nf3 Nf6 4. Nc3 dxc4 5. a4 Na6 6. e3 Bg4 7. Bxc4 e6 8. h3
Bh5 9. O-O Nb4 10. Qe2 Be7 11. g4 Bg6 12. e4 O-O 13. Rd1 Qc7 14. Ne5 Nd7 15.
Nxg6 hxg6 16. g5 a6 17. a5 c5 18. d5 exd5 19. Bxd5 Rae8 20. f4 b5 21. axb6 Nxb6
22. h4 c4 23. h5 gxh5 24. Qxh5 N6xd5 25. Nxd5 Nxd5 26. exd5 c3 27. Rxa6 cxb2
28. Bxb2 Qxf4 29. d6 Qg3+ 30. Kf1 Bxg5 31. Ra3 Re3 32. Bc1 Rxa3 33. Bxa3 Qxa3
34. Qxg5 Qf3+ 35. Ke1 Re8+ 36. Kd2 Re2+ 37. Kc1 Qc3+ 0-1